| 000 | 00717nam a2200229Ia 4500 | ||
|---|---|---|---|
| 003 | OSt | ||
| 005 | 20221005133613.0 | ||
| 006 | a|||||r|||| 00| 0 | ||
| 007 | ta | ||
| 008 | 221004b |||||||| |||| 00| 0 hin d | ||
| 024 | _a50091 | ||
| 037 | _cTextual | ||
| 040 |
_aCRL _cCRL _bhin |
||
| 041 |
_2hin _ahin |
||
| 082 | _aQ3xN46x, 152N6.1-.4 | ||
| 100 | _aविद्यासागर | ||
| 245 | 0 | _aमहाकवि आचार्य विद्यासागर ग्रन्थावली | |
| 246 | _aMahākavi āchārya vidyāsāgar granthāvalī | ||
| 260 | _c1996 | ||
| 942 |
_hQ3xN46x, 152N6.1-.4 _cTEXL _2cc |
||
| 999 |
_c1067327 _d1067327 |
||